MARC

LEADER 00000nam0a2200000 4500
001 284498
005 20231101235712.0
035 |a (RuTPU)RU\TPU\book\308667 
035 |a RU\TPU\book\304183 
090 |a 284498 
100 |a 20150216d1984 k y0rusy5003 ca 
101 0 |a rus 
102 |a RU 
105 |a y z 001zy 
200 1 |a Исследования по теории дифференцируемых функций многих переменных и ее приложениям  |e сборник работ  |h [Сб.] 10  |f Академия наук СССР (АН СССР), Математический институт им. В. А. Стеклова (МИАН) 
210 |a Москва  |c Наука  |d 1984 
215 |d 26 см  |a 277 с. 
225 1 |a Труды Математического института им. В. А. Стеклова (МИАН)  |v Т. 170 
320 |a Библиография в конце статей 
606 1 |a Дифференцируемые функции  |2 stltpush  |3 (RuTPU)RU\TPU\subj\9739  |9 36918 
610 1 |a многие переменные 
610 1 |a приложения 
610 1 |a уравнения в частных производных 
610 1 |a пространства Соболева 
610 1 |a гладкие финитные функции 
610 1 |a пространства 
610 1 |a операторы 
610 1 |a аппроксимативные числа 
610 1 |a краевые задачи 
610 1 |a задачи Коши 
610 1 |a интегралы Фурье 
675 |a 517.518.15  |z rus  |v 4 
712 0 2 |a Академия наук СССР (АН СССР)  |b Математический институт им. В. А. Стеклова (МИАН)  |2 stltpush  |3 (RuTPU)RU\TPU\col\11336 
801 0 |a RU  |b 63413507  |c 19950417  |g psbo 
801 1 |a RU  |b 63413507  |c 20150113 
801 2 |a RU  |b 63413507  |c 20170530  |g RCR 
942 |c BK